<?xml version="1.0" encoding="UTF-8"?>
<record
    xmlns:xsi="http://www.w3.org/2001/XMLSchema-instance"
    xsi:schemaLocation="http://www.loc.gov/MARC21/slim http://www.loc.gov/standards/marcxml/schema/MARC21slim.xsd"
    xmlns="http://www.loc.gov/MARC21/slim">

  <leader>01470nam a2200241 a 4500</leader>
  <controlfield tag="001">000039904</controlfield>
  <controlfield tag="003">OSt</controlfield>
  <controlfield tag="005">20240305095107.0</controlfield>
  <controlfield tag="007">ta</controlfield>
  <controlfield tag="008">130729s1991    dr ad         000 0 spa d</controlfield>
  <datafield tag="040" ind1=" " ind2=" ">
    <subfield code="a">DO-SdBNP</subfield>
    <subfield code="b">spa</subfield>
    <subfield code="c">BNPHU</subfield>
  </datafield>
  <datafield tag="082" ind1=" " ind2=" ">
    <subfield code="b">G934g</subfield>
  </datafield>
  <datafield tag="100" ind1="1" ind2=" ">
    <subfield code="a">Guerrero, Jos&#xE9; Alfredo</subfield>
    <subfield code="9">52123</subfield>
  </datafield>
  <datafield tag="245" ind1="0" ind2="3">
    <subfield code="a">La gr&#xE1;fica del d&#xED;a /</subfield>
    <subfield code="c">Jos&#xE9; Alfredo Guerrero y Andr&#xE9;s Dauhajre.</subfield>
  </datafield>
  <datafield tag="260" ind1=" " ind2=" ">
    <subfield code="a">Santo Domingo :</subfield>
    <subfield code="b">Fundaci&#xF3;n Econom&#xED;a y Desarrollo,</subfield>
    <subfield code="c">1991.</subfield>
  </datafield>
  <datafield tag="300" ind1=" " ind2=" ">
    <subfield code="a">xiv, 357 p. : </subfield>
    <subfield code="b">il., gr&#xE1;f. ;</subfield>
    <subfield code="c">21 cm.</subfield>
  </datafield>
  <datafield tag="490" ind1=" " ind2=" ">
    <subfield code="a">Fundaci&#xF3;n Econom&#xED;a y Desarrollo</subfield>
    <subfield code="v">8</subfield>
  </datafield>
  <datafield tag="505" ind1="0" ind2=" ">
    <subfield code="a">Agregados monetarios -- Agricultura -- Banca -- Capitalismo y privatizaci&#xF3;n -- Comercio internacional -- Control de precios -- Deuda externa -- Diversos -- Econom&#xED;a internacional -- Educacion -- Emigraci&#xF3;n -- Energ&#xED;a -- Empresas estatales -- Estrategias desarrollo -- Finanzas p&#xFA;blicas -- FMI Foresta -- Fuga de capitales -- Industria -- Inflaci&#xF3;n -- Ingresos fiscales y sistemas de tributaci&#xF3;n -- Inversi&#xF3;n -- Inversi&#xF3;n extranjera -- Microempresa -- Mineria -- Petroleo derivados -- PIB -- Poblaci&#xF3;n -- Salario y mercado laboral -- Salud y seguridad social -- Seguros -- Servicios p&#xFA;blicos -- Socialismo y planificaci&#xF3;n -- Subsidios -- Tarjetas de credito -- Tasas y sistemas de cambio -- Turismo -- Zonas francas.</subfield>
  </datafield>
  <datafield tag="590" ind1=" " ind2=" ">
    <subfield code="a">Inventariado, 2021 /LP</subfield>
  </datafield>
  <datafield tag="700" ind1="1" ind2=" ">
    <subfield code="a">Dauhajre, Andr&#xE9;s</subfield>
    <subfield code="9">6000</subfield>
  </datafield>
  <datafield tag="830" ind1=" " ind2="0">
    <subfield code="a">Fundaci&#xF3;n Econom&#xED;a y Desarrollo</subfield>
    <subfield code="9">66108</subfield>
    <subfield code="n">8</subfield>
  </datafield>
  <datafield tag="942" ind1=" " ind2=" ">
    <subfield code="2">ddc</subfield>
    <subfield code="c">LBS1</subfield>
  </datafield>
  <datafield tag="952" ind1=" " ind2=" ">
    <subfield code="0">0</subfield>
    <subfield code="1">0</subfield>
    <subfield code="2">ddc</subfield>
    <subfield code="5">1</subfield>
    <subfield code="7">0</subfield>
    <subfield code="8">PD</subfield>
    <subfield code="a">BNPHU</subfield>
    <subfield code="b">PD</subfield>
    <subfield code="c">HD</subfield>
    <subfield code="d">2013-07-29</subfield>
    <subfield code="e">Familia Reyes Duluc.</subfield>
    <subfield code="l">0</subfield>
    <subfield code="o"> </subfield>
    <subfield code="p">39904-10</subfield>
    <subfield code="r">2020-06-25</subfield>
    <subfield code="w">2020-06-25</subfield>
    <subfield code="y">LFPD</subfield>
  </datafield>
  <datafield tag="999" ind1=" " ind2=" ">
    <subfield code="c">39394</subfield>
    <subfield code="d">39394</subfield>
  </datafield>
</record>
